| 000 | 00859 a2200217 4500 | ||
|---|---|---|---|
| 003 | UA-OsUOA | ||
| 005 | 20260421093244.0 | ||
| 008 | 260421b un ||||| |||| 00| 0 ukr d | ||
| 022 | _a08692440 | ||
| 040 |
_aUA-OsUOA _bukr _cUA-OsUOA _dUA-OsUOA |
||
| 041 | _aukr | ||
| 080 | _a050 | ||
| 090 |
_a050 _bД36 |
||
| 245 |
_aДержавність _bщомісячний всеукранськй громадсько-політичний журнал _cгол. ред. М. Стасюк _n№ 1 |
||
| 260 |
_cсерпень, 1991 _aЛьвів _bЛьвівська книжкова фабрика "Атлас" |
||
| 300 | _a80 с. | ||
| 650 |
_2UDC _a050 Серіальні видання. Періодика _93723 |
||
| 942 |
_cMG _2udc |
||
| 955 | _a4 | ||
| 999 |
_c580431 _d580431 |
||